zpět

Detail výsledku týmu

Bar U Souseda, Plzeň

Datum a čas kvízu

39.5 Celkem bodů Celkový počet nahraných bodů na tomto kvízu bez doplňovacích otázek.
2. Pořadí na kvízu Konečné umístění týmu na tomto kvízu.

Zaznamenané odpovědi

# Otázka Odpověď Body Výsledky
1. Který obchodní řetězec minulý... Billa 1
2. Rádio svobodná Evropa/Rádio Sv... v Maďarsku 0
3. Amazon minulý týden oznámil, ž... Hvězdná brána 1
4. Automobilka Ford oznámila, že... Focus 1
5. V pátek obletělo sociální sítě... Rytíři Kladno 1
6. Za půl bodu uveďte název ameri... Bratrstvo neohrožených/Band of Brothers; rota E/Easy Company 0.5
7. Seřaďte následující vojenské h... 1C 2A 3B 4D 1
8. Po půl bodu uveďte jméno inter... Karel Kryl; Píseň neznámého vojína 0.5
9. Uveďte jméno zobrazeného česko... Alois Eliáš 1
10. Ve kterém satirickém románu vy... Hlava XXII (Catch-22) 1